| 000 | 00679nam a2200265Ia 4500 | ||
|---|---|---|---|
| 005 | 20260302114754.0 | ||
| 008 | 008 260114s9999 xx 000 0 eng d | ||
| 020 | _a9781501386572 | ||
| 037 | _aTextbook | ||
| 040 | _aCRL | ||
| 040 | _beng | ||
| 040 | _cCRL | ||
| 041 | _2eng | ||
| 041 | _aeng | ||
| 084 | _qCRL | ||
| 100 |
_aYuri Leving _91119714 |
||
| 245 | 0 | _aNabokov in Motion Modernity and Movement | |
| 260 | _bBloomsbury | ||
| 260 | _bBloomsbury Academic | ||
| 260 | _c2022 | ||
| 650 | _aLiterary Studies | ||
| 856 | _uhttps://doi.org/10.5040/9781501386572?locatt=label:secondary_bloomsburyCollections | ||
| 942 | _cEBOOK | ||
| 999 |
_c1683781 _d1683781 |
||